Contabilidad de costos (Registro nro. 101)

Detalles MARC
000 -LEADER
fixed length control field 00907 a2200217 4500
001 - CONTROL NUMBER
control field 132
005 - DATE AND TIME OF LATEST TRANSACTION
control field 20260407155413.0
008 - FIXED-LENGTH DATA ELEMENTS--GENERAL INFORMATION
fixed length control field 260407a1986 arg spa d
003 - CONTROL NUMBER IDENTIFIER
control field AR-UNSa-BCEJYS
040 ## - CATALOGING SOURCE
Original cataloging agency AR-UNSa-BCEJYS
Language of cataloging spa
Transcribing agency AR-UNSa-BCEJYS
080 ## - UNIVERSAL DECIMAL CLASSIFICATION NUMBER
Universal Decimal Classification number 657.47
Common auxiliary subdivision Contabilidad de Costos
020 ## - INTERNATIONAL STANDARD BOOK NUMBER
International Standard Book Number 950-503-022-4
100 1# - MAIN ENTRY--PERSONAL NAME
Personal name Cascarini, Daniel C.
245 10 - TITLE STATEMENT
Title Contabilidad de costos
Name of part/section of a work principios y esquemas
250 ## - EDITION STATEMENT
Edition statement 2a. ed
264 #1 - PRODUCTION, PUBLICATION, DISTRIBUTION, MANUFACTURE, AND COPYRIGHT NOTICE
Place of production, publication, distribution, manufacture Buenos Aires :
Name of producer, publisher, distributor, manufacturer El Coloquio
Date of production, publication, distribution, manufacture, or copyright notice 1986
300 ## - PHYSICAL DESCRIPTION
Extent 206 p.
Dimensions 21 cm
505 ## - FORMATTED CONTENTS NOTE
Formatted contents note 1. El costo. La contabilidad de costos. Sus sistemas 2. Clasificación de los costos 3. Los elementos del costo. Derivaciones conceptuales 4. El esquema básico del costo. Sus fórmulas e informes 5. La registración de los costos 6 Concepciones y metodologías de costeo 7. La contabilidad de costos y la inflación
590 ## - LOCAL NOTE (RLIN)
Local note niveau_biblio:m niveau_hierar:0
942 ## - ADDED ENTRY ELEMENTS (KOHA)
Koha item type
Existencias
Withdrawn status Lost status Damaged status Not for loan Home library Current library Shelving location Date acquired Total checkouts Full call number Barcode Date last seen Price effective from Koha item type Public note
        Biblioteca Prof. Eusebio Cleto del Rey Biblioteca Prof. Eusebio Cleto del Rey   07/04/2026   657.47 C334 2ed. L58908 07/04/2026 07/04/2026 Libro TAPA DESPEGADA - LÁPIZ
        Biblioteca Prof. Eusebio Cleto del Rey Biblioteca Prof. Eusebio Cleto del Rey   07/04/2026   657.47 C334 2ed. L58837 07/04/2026 07/04/2026 Libro SUBRAYADO CON LÁPIZ
        Biblioteca Prof. Eusebio Cleto del Rey Biblioteca Prof. Eusebio Cleto del Rey   07/04/2026   657.47 C334 2ed. L58836 07/04/2026 07/04/2026 Libro HÚMEDO - SUBRAYADO CON LÁPIZ - PARTIDO -